| 000 | 00470nam a2200169 a 4500 | ||
|---|---|---|---|
| 001 | BRCA_1002 | ||
| 005 | 20190320203234.0 | ||
| 008 | 290805s2000----sw-a---###---#000-0#eng-# | ||
| 020 | _a9152005887 | ||
| 050 | 4 |
_aNK1461 _b.H34 2000 |
|
| 100 | 1 |
_aHagströmer, Denise _93306 |
|
| 245 | 1 | 0 |
_aSwedish Design _cDenise Hagströmer. |
| 260 |
_aEstocolmo, Suecia _bThe Swedish Institute _c2000 |
||
| 300 |
_a135 p. _bil. a color _c27 cm. |
||
| 650 | 1 | 4 |
_aDiseño _92672 |
| 942 |
_2lcc _cB |
||
| 999 |
_c884 _d884 |
||